|
|
|
|
| LEADER |
00000nam0a2200000 4500 |
| 001 |
291890 |
| 005 |
20231102000433.0 |
| 010 |
|
|
|a 9785803809883
|
| 035 |
|
|
|a (RuTPU)RU\TPU\book\316484
|
| 090 |
|
|
|a 291890
|
| 100 |
|
|
|a 20150417d2014 m y0rusy50 ca
|
| 101 |
0 |
|
|a rus
|
| 102 |
|
|
|a RU
|
| 105 |
|
|
|a a j 001zy
|
| 200 |
1 |
|
|a Электрические машины
|e учебник для вузов
|f Г. Г. Константинов
|g Иркутский государственный технический университет (ИрГТУ)
|
| 210 |
|
|
|a Иркутск
|c Изд-во ИрГТУ
|d 2014
|
| 215 |
|
|
|a 316 с.
|c ил.
|
| 320 |
|
|
|a Библиогр.: с. 314.
|
| 330 |
|
|
|a Пособие соответствует требованиям ФГОС-3 для студентов высших учебных заведений, обучающихся по направлению подготовки - «Электроэнергетика и электротехника». Рассмотрены основные элементы теории электромеханического преобразования энергии электрических машин и трансформаторов. Представлены конструкции современных электрических машин и трансформаторов, принципы их действия, основные режимы работы, характеристики, способы пуска и регулирования частоты вращения и напряжения, переходные процессы, области применения. Учебник предназначен для студентов высших учебных заведений, обучающихся по электроэнергетическим и электромеханическим специальностям. Может быть полезен инженерам электроэнергетикам и электромеханикам, занимающимся эксплуатацией и ремонтом электрических машин и трансформаторов.
|
| 606 |
1 |
|
|a Электрические машины
|2 stltpush
|3 (RuTPU)RU\TPU\subj\27074
|9 50877
|
| 610 |
1 |
|
|a назначение
|
| 610 |
1 |
|
|a классификация
|
| 610 |
1 |
|
|a история
|
| 610 |
1 |
|
|a электромашиностроение
|
| 610 |
1 |
|
|a материалы
|
| 610 |
1 |
|
|a трансформаторы
|
| 610 |
1 |
|
|a электрические машины переменного тока
|
| 610 |
1 |
|
|a электрические машины постоянного тока
|
| 610 |
1 |
|
|a асинхронные машины
|
| 610 |
1 |
|
|a синхронные машины
|
| 610 |
1 |
|
|a конструкции
|
| 610 |
1 |
|
|a переходные процессы
|
| 610 |
1 |
|
|a частота вращения
|
| 610 |
1 |
|
|a пуск
|
| 610 |
1 |
|
|a регулирование
|
| 610 |
1 |
|
|a напряжение
|
| 610 |
1 |
|
|a применение
|
| 610 |
1 |
|
|a учебники
|
| 675 |
|
|
|a 621.313(075.8)
|v 4
|
| 700 |
|
1 |
|a Константинов
|b Г. Г.
|g Геннадий Григорьевич
|
| 712 |
0 |
2 |
|a Иркутский государственный технический университет (ИрГТУ)
|c (1993- )
|2 stltpush
|3 (RuTPU)RU\TPU\col\17
|
| 801 |
|
1 |
|a RU
|b 63413507
|c 20150417
|
| 801 |
|
2 |
|a RU
|b 63413507
|c 20151027
|g RCR
|
| 942 |
|
|
|c BK
|
| 959 |
|
|
|a 50/20150417
|d 100
|e 0
|f ЧЗТЛ:1
|f УФ:99
|